Trestný čin pojistného podvodu

Objem odhalených poistných podvodov podľa štatistiky ČAP (Česká asociácia poisťovní) narastá. Akú oporu má v zákone a je vymedzenie skutkovej podstaty poistného podvodu v súčasnej legislatíve dostatočné? Súhrn legislatívnych úprav trestného činu poistného podvodu, posúdenie, či je zakotvený vhodne,...

Ausführliche Beschreibung

Gespeichert in:
Bibliographische Detailangaben
1. Verfasser: Pelc, Vladimír
Format: Buchkapitel
Sprache:Tschechisch
Schlagworte:
Tags: Tag hinzufügen
Keine Tags, Fügen Sie das erste Tag hinzu!

MARC

LEADER 00000naa a2200000 4500
001 0298908
005 20240417075301.3
041 0 |a cze 
044 |a CZ 
245 1 0 |a Trestný čin pojistného podvodu  |c Vladimír Pelc 
520 |a Objem odhalených poistných podvodov podľa štatistiky ČAP (Česká asociácia poisťovní) narastá. Akú oporu má v zákone a je vymedzenie skutkovej podstaty poistného podvodu v súčasnej legislatíve dostatočné? Súhrn legislatívnych úprav trestného činu poistného podvodu, posúdenie, či je zakotvený vhodne, a predloženie úvahy o inej alternatíve. 
610 2 0 |a poisťovníctvo 
610 2 0 |a podvody poisťovacie 
610 2 0 |a činy trestné 
610 2 0 |a zákony 
610 2 0 |a legislatíva 
610 2 0 |a Česko 
100 1 |a Pelc, Vladimír